Harry Potter et la Coupe de feu - Statistiques

Statistiques générales
  • Ce quiz a été pris 60 fois
  • Le résultat moyen est 7 sur 11
Statistiques - réponses
Citations Personnages % Correct
Tue l'autre ! Lord Voldemort
92%
Je ne suis pas un hibou ! Hermione Granger
88%
Oh mon Dieu, j’ai tué Harry Potter ! Neville Longdubat
88%
Quelle odeur ! Ma robe sent vraiment mauvais Ron Weasley
87%
Je ne pense pas avoir parlé d’un cimetière. Harry Potter
81%
Le signe sur mon bras… tu sais ce que ça signifie Barty Croupton Jr
50%
Qui êtes-vous ? Que voulez-vous ? Cédric Diggory
44%
Peut‑être… personnellement, je n’ai jamais eu beaucoup de temps pour les héros Albus Dumbledore
42%
Rien ne vaut un bon feu d’artifice pour régler les choses. George Weasley
38%
Ne me faites pas répéter ce que j’ai déjà dit. Severus Rogue
37%
Si vous ne pouvez pas les battre… faites exploser quelque chose ! Fred Weasley
21%
Aucun quiz correspondant
Distribution des résultats
% des personnes avec chaque résultat
Percentile par nombre de réponses
Votre historique - résultats
Vous n’avez pas pris ce quiz